| 000 | 00501nam a2200181Ia 4500 | ||
|---|---|---|---|
| 005 | 20250508155422.0 | ||
| 008 | 008 250505s9999 xx 000 0 eng d | ||
| 037 | _aTextual | ||
| 040 |
_aFEDL _beng _cFEDL |
||
| 041 |
_aeng _2eng |
||
| 084 |
_a379.548 2, MAD _qFEDL |
||
| 245 | 0 | _aReport on public instruction in the Madras State for the Year 1950-51 | |
| 245 | 0 | _cMadras | |
| 260 | _c1953 | ||
| 300 | _aiv,209p | ||
| 942 |
_cTEXL _h379.548 2, MAD |
||
| 999 |
_c1356671 _d1356671 |
||